00913cam a2200265 a 450000100100000000500170001000800410002704000250006808200250009310000360011824500410015425000110019526000350020630000240024149000450026550000330031065000280034365000290037165000310040083000540043191000070048504900090049295201290050199900170063000001950920200929170035.0780306s1966 sp b 000 p spa d aDO-SdBNPbspacBNPHU a861.3bV422poe, 19661 aVega, Lope de,d1562-16359308410aPoesías líricas /cLope de Vega. a5a ed. aMadrid :bEspasa-Calpe,c1966. a154, [18] ;c18 cm. aAustral. Violeta: teatro y poesíav274 aIncluye índice de autores. 4aPoesía lírica93066 4aPoesía española9631 4aLiteratura española9632 0aAustral.pVioleta: teatro y poesía;v274939559 aWM aBNGR 001054708MOaGRbGRcHDd2010-06-29iLF1l0o861.3 V422poe, 1966p19509-10r2020-06-25w2020-06-25y4ZPréstamo en sala c19025d19025